Teorija sistem. Matematičeskije metody i modelirovanije

Salvato in:
Dettagli Bibliografici
Natura: Libro
Pubblicazione: Moskva : Mir, 1989
Tags: Aggiungi Tag
Nessun Tag, puoi essere il primo ad aggiungerne!!

MARC

LEADER 00000nam a22000003a 4500
001 stu46607
005 20141122035926.5
008 ------s1989----xxr---------------------d
040 |a STU  |b slo 
041 0
044 |a xxr 
080 |a 519.71  |7 stu_us_auth*stu8254 
245 |a Teorija sistem. Matematičeskije metody i modelirovanije 
260 |a Moskva :  |b Mir,  |c 1989 
300 |a 382 s 
996 |b J84586  |c J*84586/K 18  |l JJK18  |s P  |a 0  |w stu46607_0001